Geometric analysis of hyperbolic differential equations : (رقم التسجيلة. 21742)

تفاصيل مارك
000 -الفاتح
حقل البيانات ثابتة الطول 03622cam a2200397 a 4500
001 - رقم الضبط
رقم الضبط 16050138
003 - محدد رقم الضبط
رقم الضبط OSt
005 - وقت وتاريخ اخر تعامل مع التسجيلة
رقم الضبط 20150408114018.0
008 - عناصر البيانات ثابتة الطول - معلومات عامة
حقل البيانات ثابتة الطول 100111s2010 enk b 001 0 eng
010 ## - رقم ضبط مكتبة الكونجرس
رقم ضبط مكتبة الكونجرس 2010001099
015 ## - رقم الببليوجرافية الوطنية
رقم الببليوجرافية الوطنية GBB004211
المصدر bnb
016 7# - رقم ضبط الوكاله الوطنية للضبط الببليوجرافي
رقم ضبط التسجيلة 015462031
المصدر Uk
020 ## - الرقم الدولى المعيارى للكتب
الرقم الدولى المعيارى للكتاب 9780521128223 (pbk.)
020 ## - الرقم الدولى المعيارى للكتب
الرقم الدولى المعيارى للكتاب 0521128226 (pbk.)
035 ## - رقم ضبط النظام
رقم ضبط النظام (OCoLC)ocn489001674
040 ## - مصدر الفهرسة
وكالة الفهرسة الأصلية DLC
وكالة النسخ DLC
وكالة التعديل UKM
-- BTCTA
-- YDXCP
-- BWKUK
-- CDX
-- BWK
-- BWX
-- RRR
-- UWO
-- DLC
050 00 - رقم طلب مكتبة الكونجرس
رقم التصنيف QA927
رقم المادة .A3886 2010
082 00 - رقم تصنيف ديوى العشرى
رقم التصنيف 515.3535
رقم الطبعة 22
100 1# - المدخل الرئيسى - إسم شخصى
الإسم الشخصى Alinhac, S.
الشكل الأكمل للاسم (Serge)
9 (RLIN) 14513
245 10 - بيان العنوان
العنوان Geometric analysis of hyperbolic differential equations :
بقية العنوان an introduction /
بيان المسئوليه,etc S. Alinhac.
260 ## - PUBLICATION, DISTRIBUTION, ETC. (IMPRINT)
مكان الناشر او الموزع Cambridge, UK ;
-- New York :
اسم الناشر او الموزع Cambridge University Press,
تاريخ النشر أو التوزيع 2010.
300 ## - الوصف المادى
التعداد ix, 118 p. ;
أبعاد الوعاء 23 cm.
490 1# - بيان السلسلة
عنوان السلسلة London Mathematical Society lecture note series ;
رقم المجلد/ التعيين التسلسلي 374
504 ## - تبصرة ببليوجرافية
تبصرة ببليوجرافية,الخ Includes bibliographical references and index.
505 0# - تبصرة محتويات-الفهرس
تبصرة المحتويات المصاغة 1. Introduction -- 2. Metrics and frames -- 3. Computing with frames -- 4. Energy inequalities and frames -- 5. The good components -- 6. Pointwise estimates and commutations -- 7. Frames and curvature -- 8. Nonlinear equations, a priori estimates and induction -- 9. Applications to some quasilinear hyperbolic problems -- References -- Index.
520 ## - التبصرة الخاصة بالتعليق أو التلخيص
ملخص,الخ "Its self-contained presentation and 'do-it-yourself' approach make this the perfect guide for graduate students and researchers wishing to access recent literature in the field of nonlinear wave equations and general relativity. It introduces all of the key tools and concepts from Lorentzian geometry (metrics, null frames, deformation tensors, etc.) and provides complete elementary proofs. The author also discusses applications to topics in nonlinear equations, including null conditions and stability of Minkowski space. No previous knowledge of geometry or relativity is required"--Provided by publisher.
520 ## - التبصرة الخاصة بالتعليق أو التلخيص
ملخص,الخ "The field of nonlinear hyperbolic equations or systems has seen a tremendous development since the beginning of the 1980s. We are concentrating here on multidimensional situations, and on quasilinear equations or systems, that is, when the coefficients of the principal part depend on the unknown function itself. The pioneering works by F. John, D. Christodoulou, L. Hörmander, S. Klainerman, A. Majda and many others have been devoted mainly to the questions of blowup, lifespan, shocks, global existence, etc. Some overview of the classical results can be found in the books of Majda [42] and Hörmander [24]. On the other hand, Christodoulou and Klainerman [18] proved in around 1990 the stability of Minkowski space, a striking mathematical result about the Cauchy problem for the Einstein equations. After that, many works have dealt with diagonal systems of quasilinear wave equations, since this is what Einstein equations reduce to when written in the so-called harmonic coordinates. The main feature of this particular case is that the (scalar) principal part of the system is a wave operator associated to a unique Lorentzian metric on the underlying space-time"--Provided by publisher.
650 #0 - المدخل الاضافى بالموضوع-مصطلح موضوعى
مصطلح موضوعي أو اسم جغرافي كعنصر مدخل Nonlinear wave equations.
9 (RLIN) 14514
650 #0 - المدخل الاضافى بالموضوع-مصطلح موضوعى
مصطلح موضوعي أو اسم جغرافي كعنصر مدخل Differential equations, Hyperbolic.
9 (RLIN) 14515
650 #0 - المدخل الاضافى بالموضوع-مصطلح موضوعى
مصطلح موضوعي أو اسم جغرافي كعنصر مدخل Quantum theory.
9 (RLIN) 8263
650 #0 - المدخل الاضافى بالموضوع-مصطلح موضوعى
مصطلح موضوعي أو اسم جغرافي كعنصر مدخل Geometry, Differential.
9 (RLIN) 14516
830 #0 - المدخل الاضافى بالسلسلة -عنوان موحد
عنوان موحد London Mathematical Society lecture note series ;
رقم المجلد/ التعيين التسلسلي 374.
9 (RLIN) 14517
856 42 - الوصول و الموقع الالكترونى
مواد محددة Cover image
معرف المصدر الموحد <a href="http://assets.cambridge.org/97805211/28223/cover/9780521128223.jpg">http://assets.cambridge.org/97805211/28223/cover/9780521128223.jpg</a>
942 ## - عناصر المدخل الإضافي( كوها)
مصدر التصنيف او مخطط الترفيف Dewey Decimal Classification
Koha [default] item type كتاب
المقتنيات
حالة الفقد نموذج السعر الفعال حالة تلف ليس للاعارة رقم الطلب تاريخ الاكتساب الموقع الحالي الباركود الفرع الرئيسي Date last seen نوع المادة فى نظام كوها مصدر التصنيف او خطة الترفيف Total Checkouts
  2013-03-10     515.3535 A S G 2012-06-01 مكتبة كلية التربية بالزلفى - طالبات (EZF) 00086965 مكتبة كلية التربية بالزلفى - طالبات (EZF) 2013-03-10 كتاب Dewey Decimal Classification  
  2013-03-10     515.3535 A S G 2012-06-01 مكتبة كلية التربية بالزلفى - طالبات (EZF) 00086964 مكتبة كلية التربية بالزلفى - طالبات (EZF) 2013-03-10 كتاب Dewey Decimal Classification  
  2013-03-10     515.3535 A S G 2012-06-04 مكتبة كلية التمريض - طالبات (CNF) 00088056 مكتبة كلية التمريض - طالبات (CNF) 2013-03-10 كتاب Dewey Decimal Classification  
  2013-03-10     515.3535 A S G 2012-06-04 مكتبة كلية التمريض - طالبات (CNF) 00088057 مكتبة كلية التمريض - طالبات (CNF) 2013-03-10 كتاب Dewey Decimal Classification  
  2013-03-10     515.3535 A S G 2012-05-20 مكتبة مجمع الطالبات بالمجمعة (EMF) 00086546 مكتبة مجمع الطالبات بالمجمعة (EMF) 2013-03-10 كتاب Dewey Decimal Classification  
  2013-03-10     515.3535 A S G 2012-05-20 مكتبة مجمع الطالبات بالمجمعة (EMF) 00086547 مكتبة مجمع الطالبات بالمجمعة (EMF) 2013-03-10 كتاب Dewey Decimal Classification  
  2013-03-10     515.3535 A S G 2012-05-31 مكتبة مجمع الكليات بالزلفى - طلاب (SZM) 00087747 مكتبة مجمع الكليات بالزلفى - طلاب (SZM) 2013-03-10 كتاب Dewey Decimal Classification  
  2013-03-10     515.3535 A S G 2012-05-31 مكتبة مجمع الكليات بالزلفى - طلاب (SZM) 00087748 مكتبة مجمع الكليات بالزلفى - طلاب (SZM) 2013-03-10 كتاب Dewey Decimal Classification